<?xml version="1.0" encoding="UTF-8"?>
<record
    xmlns:xsi="http://www.w3.org/2001/XMLSchema-instance"
    xsi:schemaLocation="http://www.loc.gov/MARC21/slim http://www.loc.gov/standards/marcxml/schema/MARC21slim.xsd"
    xmlns="http://www.loc.gov/MARC21/slim">

  <leader>00530nam a2200169Ia 4500</leader>
  <controlfield tag="003">3228</controlfield>
  <controlfield tag="005">20240731133952.0</controlfield>
  <controlfield tag="008">211105s9999    xx     ed     000 1 AFR d</controlfield>
  <datafield tag="020" ind1=" " ind2=" ">
    <subfield code="a">9780795915505</subfield>
    <subfield code="q">Hardcover (hbk)</subfield>
  </datafield>
  <datafield tag="040" ind1=" " ind2=" ">
    <subfield code="a">RDA</subfield>
    <subfield code="c">3228</subfield>
  </datafield>
  <datafield tag="082" ind1=" " ind2=" ">
    <subfield code="a">LP AF OLIV</subfield>
  </datafield>
  <datafield tag="100" ind1=" " ind2=" ">
    <subfield code="a"> Olivier, Helene  </subfield>
    <subfield code="9">109568</subfield>
  </datafield>
  <datafield tag="245" ind1=" " ind2="0">
    <subfield code="a">Die dokterboer en die oujongnooi en ander vrystories</subfield>
    <subfield code="c">Helene Oliver; Stofomslagontwerp: Cornelia Holm</subfield>
  </datafield>
  <datafield tag="260" ind1=" " ind2=" ">
    <subfield code="a">Pretoria</subfield>
    <subfield code="b">Daan Retief Uitgewers</subfield>
    <subfield code="c">1988</subfield>
  </datafield>
  <datafield tag="300" ind1=" " ind2=" ">
    <subfield code="a">182 Pages;</subfield>
    <subfield code="c">21 cm.</subfield>
  </datafield>
  <datafield tag="942" ind1=" " ind2=" ">
    <subfield code="2">ddc</subfield>
    <subfield code="c">BK</subfield>
    <subfield code="y">245</subfield>
    <subfield code="z">Izakina Blanche</subfield>
  </datafield>
  <datafield tag="999" ind1=" " ind2=" ">
    <subfield code="c">604623</subfield>
    <subfield code="d">604622</subfield>
  </datafield>
  <datafield tag="952" ind1=" " ind2=" ">
    <subfield code="0">0</subfield>
    <subfield code="1">0</subfield>
    <subfield code="4">0</subfield>
    <subfield code="7">0</subfield>
    <subfield code="a">ERMELL</subfield>
    <subfield code="b">ERMELL</subfield>
    <subfield code="d">2021-11-08</subfield>
    <subfield code="g">19.75</subfield>
    <subfield code="l">0</subfield>
    <subfield code="o">LP AF OLI</subfield>
    <subfield code="p">33228013310881</subfield>
    <subfield code="r">2021-11-08</subfield>
    <subfield code="w">2021-11-08</subfield>
  </datafield>
  <datafield tag="952" ind1=" " ind2=" ">
    <subfield code="0">0</subfield>
    <subfield code="1">0</subfield>
    <subfield code="2">ddc</subfield>
    <subfield code="4">0</subfield>
    <subfield code="7">0</subfield>
    <subfield code="a">MIDDL</subfield>
    <subfield code="b">JEREL</subfield>
    <subfield code="d">2024-07-31</subfield>
    <subfield code="l">0</subfield>
    <subfield code="o">LP AF OLIV</subfield>
    <subfield code="p">33228018111516</subfield>
    <subfield code="r">2024-07-31</subfield>
    <subfield code="w">2024-07-31</subfield>
    <subfield code="y">BK</subfield>
  </datafield>
</record>
